LEADER 00873naa a2200217 u 4500 001 000000094004 003 CaOOAMICUS 005 20070226130136.0 008 010724s1987 fr u000 u eng u 035 $a10898339 040 $aPUL(R)$bita 100 1 $aAnand, R. P.,$d1933-$0(OLS)http://pul/name/60456 245 10$aSovereign equality of states in international law /$cby R.P. Anand. 260 $a[S. l. :$bs. n.],$c1987. 300 $aP. [1-228] 504 $aBibliografia in nota. 650 4$aDiritto internazionale pubblico.$0(OLS)http://pul/subject/13984 773 0 $tRecueil des cours$gv.II (1986) 773 0 $tRecueil des cours 1986 : collected courses of The Hague Academy of International Law$w()60475 996 $6245$aSovereign equality of states in international law$9(OLS)http://pul/title/120861 996 $6260$a[S. l. :$bs. n.]$9(OLS)http://pul/publisher/47882 LEADER 00987nam a2200253 a 4500 001 000000131842 003 CaOOAMICUS 005 20121204112026.0 008 121204s1987 it u000 u ita r 040 $aPUL$bita 100 1 $aDioguardi, Gianfranco.$0(OLS)http://pul/name/39415 245 13$aIl gioco del caso :$bdisegno di una relazione per un convegno /$cGianfranco Dioguardi. 260 $aPalermo :$bSellerio,$c1987. 300 $a280 p. ;$c21 cm 490 1 $aCiviltà perfezionata 504 $aBibliografia in nota. 830 0$aCiviltà perfezionata.$0(OLS)http://pul/title/166569 850 $aPUL 852 $aPUL$W1$xDP1 Fondo E. Rossi$y115$m1 D 56$j151920$qFondi$B151089$CPULBib$Z2$F151089 $82 941 1 $a1 961 $aSul dorso collocazione ms. di E. Rossi: D 47 996 $6245$aIl gioco del caso :$bdisegno di una relazione per un convegno$9(OLS)http://pul/title/166568 996 $6260$aPalermo :$bSellerio$9(OLS)http://pul/publisher/66919